000 00417nam a2200145 i 4500
001 85200
003 ES-MaACL
007 t|
008 041126s1983 sp ||||1| spa d
100 1 _aJiménez Almagro, Antonio.
_966443
245 1 0 _aArtículos de costumbres /
_cAntonio Jiménez Almagro.
260 _a[Cabra (Córdoba) :
_bC.E.A.G.,
_c1983]
300 _a118 p. ;
_c22 cm.
852 _aES-MaACL
_jL-5709
_bR.105646
999 _c85200
_d85200